[Event "2MCR_3DE_2LA_2S"]
[Site "?"]
[Date "2007.??.??"]
[Round "?"]
[White "Hlavacek, Ladislav"]
[Black "Docekal, Ales"]
[Result "0-1"]
[WhiteElo "2002"]
[BlackElo "1800"]
[Annotator "001"]
[PlyCount "64"]
[EventDate "2007.??.??"]
[EventType "corr"]
[EventRounds "2"]
[SourceDate "2007.01.28"]

1. e4 e5 2. Nf3 Nc6 3. Bc4 Bc5 4. d3 Nf6 5. O-O a6 6. c3 d6 7. Bb3 O-O 8. h3 h6
9. Be3 Bxe3 10. fxe3 b5 11. Nbd2 Rb8 12. Nh4 a5 13. a3 Ne7 14. Qf3 c5 15. Bd1
Kh8 16. Be2 Qb6 17. Qg3 a4 18. Kh2 Be6 19. Rab1 b4 20. cxb4 cxb4 21. Nf5 Nxf5
22. exf5 Ba2 23. Ra1 Bd5 24. Rfd1 bxa3 25. bxa3 Rfc8 26. e4 Bb3 27. Rdc1 Qd4
28. Qe1 Rxc1 29. Qxc1 d5 30. Qg1 Qc3 31. Qc1 Rc8 32. Nf3 Qxc1 0-1

[Event "2MCR_3DE_2LA_2S"]
[Site "?"]
[Date "2007.??.??"]
[Round "?"]
[White "Bultman, Milan"]
[Black "Kyhos, Alois"]
[Result "1-0"]
[WhiteElo "2099"]
[BlackElo "1951"]
[Annotator "002"]
[PlyCount "25"]
[EventDate "2007.??.??"]
[EventType "corr"]
[EventRounds "2"]
[SourceDate "2007.01.28"]

1. d4 Nf6 2. Nf3 g6 3. c4 Bg7 4. g3 O-O 5. Bg2 d5 6. cxd5 Nxd5 7. O-O Nb6 8.
Nc3 Nc6 9. e3 e5 10. d5 Ne7 11. e4 Bg4 12. h3 Bxh3 13. Bxh3 1-0

[Event "2MCR_3DE_2LA_2S"]
[Site "?"]
[Date "2007.??.??"]
[Round "?"]
[White "Docekal, Ales"]
[Black "Kyhos, Alois"]
[Result "1/2-1/2"]
[WhiteElo "1800"]
[BlackElo "1951"]
[Annotator "003"]
[PlyCount "57"]
[EventDate "2007.??.??"]
[EventType "corr"]
[EventRounds "2"]
[SourceDate "2007.01.28"]

1. e4 e5 2. Nf3 Nc6 3. Bb5 a6 4. Ba4 Nf6 5. O-O Nxe4 6. d4 b5 7. Bb3 d5 8. dxe5
Be6 9. Nbd2 Nc5 10. c3 d4 11. Ng5 Qxg5 12. Qf3 O-O-O 13. Bxe6+ fxe6 14. Qxc6
Qxe5 15. b4 Qd5 16. Qxd5 exd5 17. bxc5 dxc3 18. Nb3 d4 19. Ba3 Be7 20. Bb4 Bf6
21. a4 d3 22. axb5 d2 23. bxa6 c2 24. a7 Kb7 25. a8=Q+ Rxa8 26. c6+ Kxc6 27.
Rxa8 d1=Q 28. Rxh8 Qc1 29. Rxc1 1/2-1/2

[Event "2MCR_3DE_2LA_3S"]
[Site "?"]
[Date "2007.??.??"]
[Round "?"]
[White "Stika, Vaclav"]
[Black "Tunega, Frantisek"]
[Result "1/2-1/2"]
[WhiteElo "2150"]
[BlackElo "1800"]
[Annotator "002"]
[PlyCount "49"]
[EventDate "2007.??.??"]
[EventType "corr"]
[EventRounds "2"]
[SourceDate "2007.01.28"]

1. e4 c5 2. Nf3 Nc6 3. Bb5 g6 4. O-O Bg7 5. Re1 Nf6 6. c3 O-O 7. h3 Ne8 8. d3
e5 9. Bg5 Qc7 10. Na3 a6 11. Bc4 d6 12. Nc2 h6 13. Bh4 b5 14. Bb3 Be6 15. Ne3
Qd7 16. a4 b4 17. Bd5 Bxd5 18. Nxd5 Rb8 19. a5 f5 20. Qa4 Rb5 21. c4 Rb7 22.
Nb6 Qc7 23. Nd5 Qd7 24. Nb6 Qc7 25. Nd5 1/2-1/2

[Event "2MCR_3DE_2LA_1S"]
[Site "?"]
[Date "2007.??.??"]
[Round "?"]
[White "Binas, Jindrich"]
[Black "Korinek, Jaroslav"]
[Result "1/2-1/2"]
[WhiteElo "2021"]
[BlackElo "2000"]
[Annotator "001"]
[PlyCount "53"]
[EventDate "2007.??.??"]
[EventType "corr"]
[EventRounds "2"]
[SourceDate "2007.01.28"]

1. e4 e5 2. f4 d5 3. exd5 exf4 4. Nf3 Bd6 5. d4 c6 6. dxc6 Nxc6 7. Bb5 Nge7 8.
O-O O-O 9. c3 Bf5 10. Bd3 Re8 11. Ne1 Bg6 12. Bxg6 Nxg6 13. Nd3 Qb6 14. Nd2 Qc7
15. Nb3 Re4 16. Nbc5 Re7 17. Qf3 Nh4 18. Qg4 Ng6 19. Nb3 Rae8 20. Nxf4 Re1 21.
Bd2 Rxa1 22. Nxa1 Nxf4 23. Bxf4 Bxf4 24. Qxf4 Qxf4 25. Rxf4 g5 26. Rf2 Re1+ 27.
Rf1 1/2-1/2

[Event "2MCR_3DE_2LA_1S"]
[Site "?"]
[Date "2007.??.??"]
[Round "?"]
[White "Korinek, Jaroslav"]
[Black "Binas, Jindrich"]
[Result "0-1"]
[WhiteElo "2000"]
[BlackElo "2021"]
[Annotator "002"]
[PlyCount "68"]
[EventDate "2007.??.??"]
[EventType "corr"]
[EventRounds "2"]
[SourceDate "2007.01.28"]

1. d4 Nf6 2. c4 e6 3. Nc3 Bb4 4. Qc2 O-O 5. Nf3 c5 6. a3 Bxc3+ 7. bxc3 Nc6 8.
e3 d6 9. Bd3 e5 10. d5 e4 11. Bxe4 Nxe4 12. Qxe4 Re8 13. Qd3 Ne5 14. Nxe5 Rxe5
15. f3 Qh4+ 16. g3 Qh3 17. Ra2 Re8 18. Kf2 Bd7 19. a4 Re5 20. Qb1 g5 21. Qxb7
Rae8 22. e4 Bc8 23. Qc6 f5 24. Ke1 fxe4 25. f4 R5e7 26. Qxd6 e3 27. Qf6 gxf4
28. d6 Rg7 29. Qxf4 Qh5 30. Re2 Rf7 31. Qh4 Qf5 32. Rxe3 Qf2+ 33. Kd1 Rxe3 34.
Bxe3 Qxe3 0-1

[Event "2MCR_3DE_2LA_1S"]
[Site "?"]
[Date "2007.??.??"]
[Round "?"]
[White "Makovsky, Petr"]
[Black "Binas, Jindrich"]
[Result "1-0"]
[WhiteElo "2317"]
[BlackElo "2021"]
[Annotator "003"]
[PlyCount "65"]
[EventDate "2007.??.??"]
[EventType "corr"]
[EventRounds "2"]
[SourceDate "2007.01.28"]

1. e4 c5 2. Nf3 Nc6 3. Nc3 d6 4. Bb5 Bd7 5. Bxc6 Bxc6 6. d4 cxd4 7. Qxd4 Nf6 8.
Bg5 e6 9. O-O-O Be7 10. e5 dxe5 11. Qxe5 Qc8 12. Nd4 O-O 13. f3 Nd7 14. Qg3
Bxg5+ 15. Qxg5 Nb6 16. Rd3 Qc7 17. Qg3 Qe7 18. Rhd1 Nc4 19. Kb1 Rac8 20. b3
Na3+ 21. Kb2 b5 22. Ne4 Bxe4 23. fxe4 h6 24. c3 b4 25. c4 a5 26. Nf3 a4 27. Ne5
Rc5 28. Nd7 Rg5 29. Qf3 Rc8 30. e5 Rf5 31. Qe2 axb3 32. axb3 Rf4 33. g3 1-0

[Event "2MCR_3DE_2LA_1S"]
[Site "?"]
[Date "2007.??.??"]
[Round "?"]
[White "Binas, Jindrich"]
[Black "Makovsky, Petr"]
[Result "1/2-1/2"]
[WhiteElo "2021"]
[BlackElo "2317"]
[Annotator "004"]
[PlyCount "67"]
[EventDate "2007.??.??"]
[EventType "corr"]
[EventRounds "2"]
[SourceDate "2007.01.28"]

1. e4 c5 2. Nf3 d6 3. d4 cxd4 4. Nxd4 Nf6 5. Nc3 a6 6. f4 e6 7. Qf3 Qb6 8. a3
Nc6 9. Nxc6 bxc6 10. g4 d5 11. Bg2 Bb7 12. e5 Nd7 13. Be3 c5 14. O-O Rb8 15.
Bf2 Be7 16. b3 Qc7 17. Rae1 O-O 18. Qg3 Rfc8 19. g5 g6 20. Rd1 Bc6 21. Rfe1 Nb6
22. h4 c4 23. Ra1 Nd7 24. Ne2 cxb3 25. cxb3 Qb7 26. Nd4 a5 27. h5 Nc5 28. hxg6
hxg6 29. Qh4 Bf8 30. Re3 Bg7 31. Rh3 Bd7 32. Rd1 Be8 33. Kh2 Ne4 34. Be1
1/2-1/2

[Event "2MCR_3DE_2LA_1S"]
[Site "?"]
[Date "2007.??.??"]
[Round "?"]
[White "Brichacek, Milan"]
[Black "Makovsky, Petr"]
[Result "0-1"]
[WhiteElo "2215"]
[BlackElo "2317"]
[Annotator "005"]
[PlyCount "74"]
[EventDate "2007.??.??"]
[EventType "corr"]
[EventRounds "2"]
[SourceDate "2007.01.28"]

1. d4 Nf6 2. c4 e6 3. Nc3 Bb4 4. a3 Bxc3+ 5. bxc3 c5 6. e3 Nc6 7. Bd3 O-O 8.
Nf3 d6 9. e4 Qa5 10. Bd2 d5 11. cxd5 exd5 12. exd5 Re8+ 13. Kf1 Nxd5 14. Qc2
Nf6 15. Bg5 cxd4 16. Bxf6 gxf6 17. Nxd4 Bd7 18. Bxh7+ Kg7 19. Bd3 Nxd4 20. cxd4
Rac8 21. Qd1 Rc3 22. Kg1 Rxa3 23. Rxa3 Qxa3 24. h3 Rc8 25. Kh2 Qd6+ 26. g3 Qxd4
27. Rf1 a5 28. Be2 Qxd1 29. Rxd1 Rc7 30. Rd5 b6 31. Bb5 Bxb5 32. Rxb5 Rb7 33.
Kg2 a4 34. Kf1 a3 35. Rb3 Ra7 36. Rb1 b5 37. Ke1 b4 0-1

[Event "2MCR_3DE_2LA_1S"]
[Site "?"]
[Date "2007.??.??"]
[Round "?"]
[White "Korinek, Jaroslav"]
[Black "Makovsky, Petr"]
[Result "1/2-1/2"]
[WhiteElo "2000"]
[BlackElo "2317"]
[Annotator "006"]
[PlyCount "89"]
[EventDate "2007.??.??"]
[EventType "corr"]
[EventRounds "2"]
[SourceDate "2007.01.28"]

1. d4 Nf6 2. c4 e6 3. Nc3 Bb4 4. g3 d5 5. Bg2 O-O 6. a3 Bxc3+ 7. bxc3 dxc4 8.
Qa4 Bd7 9. Qxc4 Bc6 10. Nf3 Bd5 11. Qb5 a6 12. Qb2 Nc6 13. O-O h6 14. Bf4 Re8
15. Rfe1 Na5 16. Ne5 Nh5 17. Bd2 Bxg2 18. Kxg2 Nf6 19. e4 Nd7 20. Nf3 b5 21. a4
Nc4 22. Qb4 c6 23. Bf4 g5 24. Be3 Qe7 25. Qxe7 Rxe7 26. Nd2 Ndb6 27. Nxc4 Nxc4
28. h4 f6 29. hxg5 hxg5 30. e5 Nxe3+ 31. Rxe3 f5 32. g4 fxg4 33. Re4 Rf7 34.
Rxg4 Rf5 35. Kg3 Kf7 36. f4 gxf4+ 37. Rxf4 Rg8+ 38. Kf3 Rh8 39. Rxf5+ exf5 40.
axb5 axb5 41. Ra6 Rh3+ 42. Kf4 Rxc3 43. Kxf5 Rf3+ 44. Ke4 Rc3 45. d5 1/2-1/2

[Event "2MCR_3DE_2LA_2S"]
[Site "?"]
[Date "2007.??.??"]
[Round "?"]
[White "Bultman, Milan"]
[Black "Hlavacek, Ladislav"]
[Result "1-0"]
[WhiteElo "2099"]
[BlackElo "2002"]
[Annotator "019"]
[PlyCount "59"]
[EventDate "2007.??.??"]
[EventType "corr"]
[EventRounds "2"]
[SourceDate "2007.01.28"]

1. d4 Nf6 2. Nf3 d5 3. c4 e6 4. Nc3 Bb4 5. Bg5 Nbd7 6. cxd5 exd5 7. e3 h6 8.
Bh4 O-O 9. Bd3 c5 10. O-O Bxc3 11. bxc3 c4 12. Bf5 Nb6 13. Bc2 Bg4 14. Qb1 Bxf3
15. gxf3 Qd6 16. Kh1 Nh5 17. Bf5 g6 18. Rg1 Kh7 19. a4 a5 20. Bc2 Qc6 21. Qf1
Qe6 22. Rb1 Ra6 23. Qg2 f5 24. Rb5 Qc6 25. Be7 Rb8 26. e4 Nc8 27. Bh4 Na7 28.
exf5 g5 29. Bxg5 Nxb5 30. f6+ 1-0

[Event "2MCR_3DE_2LA_2S"]
[Site "?"]
[Date "2007.??.??"]
[Round "?"]
[White "Majstrova, Alzbeta"]
[Black "Bultman, Milan"]
[Result "0-1"]
[WhiteElo "1800"]
[BlackElo "2099"]
[Annotator "021 - PCL"]
[PlyCount "20"]
[EventDate "2007.??.??"]
[EventType "corr"]
[EventRounds "2"]
[SourceDate "2007.01.28"]

1. d4 Nf6 2. c4 g6 3. Nc3 Bg7 4. e4 d6 5. Nf3 O-O 6. Be2 e5 7. dxe5 dxe5 8.
Qxd8 Rxd8 9. Bg5 Re8 10. Nd5 Nxd5 0-1

[Event "2MCR_3DE_2LA_2S"]
[Site "?"]
[Date "2007.??.??"]
[Round "?"]
[White "Hlavacek, Ladislav"]
[Black "Bultman, Milan"]
[Result "1/2-1/2"]
[WhiteElo "2002"]
[BlackElo "2099"]
[Annotator "024"]
[PlyCount "81"]
[EventDate "2007.??.??"]
[EventType "corr"]
[EventRounds "2"]
[SourceDate "2007.01.28"]

1. d4 Nf6 2. Nf3 d5 3. Bf4 Bf5 4. e3 e6 5. Bd3 Bd6 6. Bxf5 exf5 7. O-O Bxf4 8.
exf4 O-O 9. Qd3 Ne4 10. Qb3 b6 11. Ne5 a5 12. a4 c6 13. f3 Nd6 14. Nd2 Ra7 15.
c4 f6 16. cxd5 fxe5 17. fxe5 cxd5 18. exd6 Qxd6 19. f4 Rc7 20. Rac1 Na6 21.
Rxc7 Nxc7 22. Nf3 Ne6 23. g3 Rc8 24. Re1 h6 25. Qe3 Nf8 26. b3 Qc6 27. Nh4 g6
28. Qe5 Qd7 29. Qe3 Qc6 30. Qe7 Qc7 31. Qe2 Qd6 32. Kg2 Qc6 33. Kg1 Qd6 34. Qf3
Rc2 35. Re5 Rb2 36. Ng2 Ne6 37. Qc3 Rb1+ 38. Kf2 Qc7 39. Qxc7 Nxc7 40. Re7 Rb2+
41. Kf1 1/2-1/2

[Event "2MCR_3DE_2LA_2S"]
[Site "?"]
[Date "2007.??.??"]
[Round "?"]
[White "Docekal, Ales"]
[Black "Hlavacek, Ladislav"]
[Result "1-0"]
[WhiteElo "1800"]
[BlackElo "2002"]
[Annotator "025"]
[PlyCount "101"]
[EventDate "2007.??.??"]
[EventType "corr"]
[EventRounds "2"]
[SourceDate "2007.01.28"]

1. e4 e5 2. Nf3 d6 3. d4 Nf6 4. Nc3 Nbd7 5. Bc4 Be7 6. O-O O-O 7. a4 c6 8. Re1
Qc7 9. h3 exd4 10. Nxd4 Ne5 11. Bb3 a6 12. Be3 c5 13. Nf5 Bxf5 14. exf5 c4 15.
Ba2 Qc6 16. Qd4 b5 17. Rad1 b4 18. Nd5 Nxd5 19. Qxd5 Qxa4 20. Bxc4 Nxc4 21.
Qxc4 Rfe8 22. b3 Qd7 23. Qxb4 Qxf5 24. Rd3 a5 25. Qf4 Qd7 26. Bd4 Bf8 27. Rxe8
Rxe8 28. Rg3 Re1+ 29. Kh2 Re6 30. Bc3 d5 31. Kg1 Re4 32. Qd2 a4 33. bxa4 Rxa4
34. Rd3 Qc6 35. Rxd5 Rc4 36. Rd3 f6 37. Qe3 f5 38. Qe5 Rc5 39. Qe1 f4 40. Bd2
Rxc2 41. Bxf4 Qc4 42. Qd1 Rb2 43. Be5 Rc2 44. Qf3 Qe6 45. Qg3 Rc5 46. f4 Rd5
47. Rb3 Qd7 48. Kh2 Rd2 49. Rb8 Kf7 50. Qf3 Qd5 51. Qh5+ 1-0

[Event "2MCR_3DE_2LA_2S"]
[Site "?"]
[Date "2007.??.??"]
[Round "?"]
[White "Kyhos, Alois"]
[Black "Docekal, Ales"]
[Result "1-0"]
[WhiteElo "1951"]
[BlackElo "1800"]
[Annotator "026"]
[PlyCount "57"]
[EventDate "2007.??.??"]
[EventType "corr"]
[EventRounds "2"]
[SourceDate "2007.01.28"]

1. e4 e5 2. Nf3 Nc6 3. Bb5 Nf6 4. O-O Nxe4 5. d4 Nd6 6. Bxc6 dxc6 7. dxe5 Nf5
8. Qxd8+ Kxd8 9. Nc3 h6 10. b3 Be6 11. Bb2 a5 12. Rad1+ Ke8 13. h3 Be7 14. g4
Nh4 15. Nxh4 Bxh4 16. f4 Rg8 17. f5 Bc8 18. Ne4 a4 19. b4 b6 20. e6 Ba6 21.
exf7+ Kxf7 22. Rd7+ Ke8 23. Rxc7 Bxf1 24. Kxf1 Be7 25. Rxc6 b5 26. a3 Kf7 27.
Rc7 Kf8 28. Ke2 Re8 29. Kd3 1-0

[Event "2MCR_3DE_2LA_2S"]
[Site "?"]
[Date "2007.??.??"]
[Round "?"]
[White "Vacek, Frantisek"]
[Black "Kyhos, Alois"]
[Result "1/2-1/2"]
[WhiteElo "1800"]
[BlackElo "1951"]
[Annotator "027"]
[PlyCount "48"]
[EventDate "2007.??.??"]
[EventType "corr"]
[EventRounds "2"]
[SourceDate "2007.01.28"]

1. e4 e5 2. Nf3 Nc6 3. Bb5 a6 4. Ba4 Nf6 5. O-O Nxe4 6. Re1 Nc5 7. Bxc6 dxc6 8.
Nxe5 Be7 9. d4 Ne6 10. Nc3 O-O 11. Nf3 Re8 12. a3 Bf6 13. Ne4 Bxd4 14. Nxd4
Nxd4 15. Bg5 Qd7 16. Qh5 h6 17. Rad1 Rxe4 18. Rxe4 g6 19. Rexd4 gxh5 20. Rxd7
Bxd7 21. Rxd7 hxg5 22. h4 Re8 23. Kf1 gxh4 24. Rxc7 Rb8 1/2-1/2

[Event "2MCR_3DE_2LA_2S"]
[Site "?"]
[Date "2007.??.??"]
[Round "?"]
[White "Kyhos, Alois"]
[Black "Vacek, Frantisek"]
[Result "1/2-1/2"]
[WhiteElo "1951"]
[BlackElo "1800"]
[Annotator "028"]
[PlyCount "47"]
[EventDate "2007.??.??"]
[EventType "corr"]
[EventRounds "2"]
[SourceDate "2007.01.28"]

1. e4 c5 2. Nf3 Nc6 3. d4 cxd4 4. Nxd4 Nf6 5. Nc3 e5 6. Ndb5 d6 7. Bg5 a6 8.
Bxf6 gxf6 9. Na3 f5 10. Bd3 Rg8 11. g3 fxe4 12. Bxe4 Be6 13. Bd5 Qc7 14. Qd2
Rc8 15. O-O-O b5 16. Ne4 Rg6 17. Bxe6 Rxe6 18. Ng5 Rg6 19. f4 Be7 20. Kb1 b4
21. Nc4 Nd4 22. Ne3 Rxg5 23. fxg5 Bxg5 24. Nd5 1/2-1/2

[Event "2MCR_3DE_2LA_3S"]
[Site "?"]
[Date "2007.??.??"]
[Round "?"]
[White "Tunega, Frantisek"]
[Black "Stika, Vaclav"]
[Result "1/2-1/2"]
[WhiteElo "1800"]
[BlackElo "2150"]
[Annotator "017"]
[PlyCount "50"]
[EventDate "2007.??.??"]
[EventType "corr"]
[EventRounds "2"]
[SourceDate "2007.01.28"]

1. e4 e5 2. Nf3 Nc6 3. c3 Nf6 4. d4 Nxe4 5. d5 Ne7 6. Nxe5 Ng6 7. Nxg6 hxg6 8.
Qd4 Qe7 9. Be3 Nd6 10. Bd3 Rh4 11. f4 b6 12. Nd2 Bb7 13. O-O-O Rh5 14. c4 Nf5
15. Bxf5 gxf5 16. h3 O-O-O 17. Kb1 c6 18. Rhe1 Qb4 19. Qd3 cxd5 20. cxd5 Kb8
21. Bd4 f6 22. Bf2 Qa4 23. Nc4 Rc8 24. b3 Qb5 25. Re2 Qb4 1/2-1/2

[Event "2MCR_3DE_2LA_3S"]
[Site "?"]
[Date "2007.??.??"]
[Round "?"]
[White "Zednik, Martin"]
[Black "Koci, Vladimir"]
[Result "0-1"]
[WhiteElo "2076"]
[BlackElo "2098"]
[Annotator "020"]
[PlyCount "30"]
[EventDate "2007.??.??"]
[EventType "corr"]
[EventRounds "2"]
[SourceDate "2007.01.28"]

1. e4 c5 2. Nf3 d6 3. d4 cxd4 4. Nxd4 Nf6 5. Nc3 e6 6. g4 h6 7. h4 Nc6 8. Rg1
Nd7 9. g5 hxg5 10. hxg5 Nb6 11. a4 g6 12. a5 Nd7 13. Ndb5 Nce5 14. Bf4 a6 15.
Nxd6+ Bxd6 0-1

[Event "2MCR_3DE_2LA_3S"]
[Site "?"]
[Date "2007.??.??"]
[Round "?"]
[White "Stika, Vaclav"]
[Black "Majstr, Marcel"]
[Result "1-0"]
[WhiteElo "2150"]
[BlackElo "1600"]
[Annotator "021"]
[PlyCount "37"]
[EventDate "2007.??.??"]
[EventType "corr"]
[EventRounds "2"]
[SourceDate "2007.01.28"]

1. e4 e5 2. Nf3 Nc6 3. Bb5 a6 4. Ba4 Nf6 5. O-O Be7 6. Re1 b5 7. Bb3 d6 8. c3
O-O 9. h3 Na5 10. Bc2 c5 11. d4 Qc7 12. Nbd2 Bd7 13. Nf1 cxd4 14. cxd4 Rac8 15.
Ne3 Nc4 16. Nxc4 bxc4 17. Bd2 exd4 18. Nxd4 d5 19. e5 1-0

[Event "2MCR_3DE_2LA_3S"]
[Site "?"]
[Date "2007.??.??"]
[Round "?"]
[White "Majstr, Marcel"]
[Black "Stika, Vaclav"]
[Result "0-1"]
[WhiteElo "1600"]
[BlackElo "2150"]
[Annotator "022"]
[PlyCount "40"]
[EventDate "2007.??.??"]
[EventType "corr"]
[EventRounds "2"]
[SourceDate "2007.01.28"]

1. d4 d5 2. Nf3 Nf6 3. c4 e6 4. Nc3 c6 5. e3 Nbd7 6. Bd3 dxc4 7. Bxc4 b5 8. Bd3
a6 9. e4 c5 10. d5 c4 11. dxe6 fxe6 12. Bc2 Qc7 13. O-O Bc5 14. Qe2 Ne5 15.
Nxe5 Qxe5 16. Kh1 O-O 17. f4 Qh5 18. Qxh5 Nxh5 19. e5 g5 20. Ne4 Be7 0-1

[Event "2MCR_3DE_2LA_3S"]
[Site "?"]
[Date "2007.??.??"]
[Round "?"]
[White "Zednik, Martin"]
[Black "Majstr, Marcel"]
[Result "1-0"]
[WhiteElo "2076"]
[BlackElo "1600"]
[Annotator "023"]
[PlyCount "51"]
[EventDate "2007.??.??"]
[EventType "corr"]
[EventRounds "2"]
[SourceDate "2007.01.28"]

1. e4 e5 2. Nf3 Nc6 3. Bb5 a6 4. Ba4 Nf6 5. O-O Be7 6. Re1 b5 7. Bb3 d6 8. c3
O-O 9. h3 Na5 10. Bc2 c5 11. d4 Nd7 12. Nbd2 cxd4 13. cxd4 Bb7 14. Nf1 Rc8 15.
Ne3 exd4 16. Nxd4 Re8 17. Ndf5 Nf6 18. Bd2 Nc4 19. Nxc4 Rxc4 20. Bd3 Nxe4 21.
Bxc4 bxc4 22. Qe2 Bf6 23. f3 Bc8 24. fxe4 Bxf5 25. Qxc4 Be6 26. Qxa6 1-0

[Event "2MCR_3DE_2LA_3S"]
[Site "?"]
[Date "2007.??.??"]
[Round "?"]
[White "Majstr, Marcel"]
[Black "Zednik, Martin"]
[Result "0-1"]
[WhiteElo "1600"]
[BlackElo "2076"]
[Annotator "024"]
[PlyCount "52"]
[EventDate "2007.??.??"]
[EventType "corr"]
[EventRounds "2"]
[SourceDate "2007.01.28"]

1. e4 e5 2. Nf3 Nc6 3. Bc4 Bc5 4. c3 Nf6 5. d3 a6 6. O-O d6 7. Nbd2 O-O 8. Bb3
Ba7 9. Nc4 h6 10. Re1 Be6 11. Be3 b5 12. Ncd2 Bxe3 13. Rxe3 Bxb3 14. Nxb3 Re8
15. Nfd2 Qd7 16. Rg3 Ne7 17. Nf1 c5 18. Qf3 Ng6 19. Ne3 Nf4 20. Nf5 g6 21.
Nxh6+ Kh8 22. Rd1 N6h5 23. Rg4 Kh7 24. g3 Kxh6 25. gxf4 Nxf4 26. d4 Qc8 0-1

[Event "2MCR_3DE_2LA_2S"]
[Site "?"]
[Date "2007.??.??"]
[Round "?"]
[White "Docekal, Ales"]
[Black "Vacek, Frantisek"]
[Result "1/2-1/2"]
[WhiteElo "1800"]
[BlackElo "1800"]
[Annotator "029"]
[PlyCount "55"]
[EventDate "2007.??.??"]
[EventType "corr"]
[EventRounds "2"]
[SourceDate "2007.01.28"]

1. e4 e5 2. Nf3 Nc6 3. Bb5 a6 4. Ba4 Nf6 5. O-O Be7 6. Re1 b5 7. Bb3 O-O 8. h3
d6 9. c3 Na5 10. Bc2 c5 11. d4 Bb7 12. d5 Nd7 13. Nbd2 f5 14. exf5 Nb6 15. Be4
Nxd5 16. Nf1 Nb6 17. Bxb7 Nxb7 18. Ng3 Bf6 19. Ne4 Qd7 20. Nxf6+ Rxf6 21. Nh4
Rff8 22. Qf3 Rae8 23. Qg3 c4 24. b4 Nd8 25. Bg5 Nf7 26. Be3 Na4 27. f6 Nd8 28.
fxg7 1/2-1/2

[Event "2MCR_3DE_2LA_2S"]
[Site "?"]
[Date "2007.??.??"]
[Round "?"]
[White "Vacek, Frantisek"]
[Black "Docekal, Ales"]
[Result "1/2-1/2"]
[WhiteElo "1800"]
[BlackElo "1800"]
[Annotator "030"]
[PlyCount "54"]
[EventDate "2007.??.??"]
[EventType "corr"]
[EventRounds "2"]
[SourceDate "2007.01.28"]

1. e4 e5 2. Nf3 Nc6 3. d4 exd4 4. Nxd4 Bc5 5. Be3 Qf6 6. c3 Nge7 7. Bc4 Ne5 8.
Be2 Qg6 9. O-O d6 10. Kh1 Qxe4 11. Nd2 Qg6 12. N2f3 O-O 13. b4 Bb6 14. c4 Ng4
15. Bf4 Nf5 16. Nxf5 Qxf5 17. Bg3 a5 18. b5 Re8 19. Bd3 Qh5 20. h3 Nf6 21. Bh4
Ne4 22. Kh2 Bd4 23. Rc1 Be5+ 24. Bg3 Nxg3 25. fxg3 Bf6 26. Qc2 Rb8 27. Qd2 b6
1/2-1/2

[Event "2MCR_3DE_2LA_3S"]
[Site "?"]
[Date "2007.??.??"]
[Round "?"]
[White "Koci, Vladimir"]
[Black "Majstr, Marcel"]
[Result "1-0"]
[WhiteElo "2098"]
[BlackElo "1600"]
[Annotator "025"]
[PlyCount "31"]
[EventDate "2007.??.??"]
[EventType "corr"]
[EventRounds "2"]
[SourceDate "2007.01.28"]

1. d4 d5 2. Nf3 Nf6 3. c4 dxc4 4. e3 e6 5. Bxc4 a6 6. O-O c5 7. Nbd2 cxd4 8.
Nxd4 Bd6 9. b3 O-O 10. Bb2 b5 11. Bd3 Bb7 12. Rc1 Nbd7 13. f4 Rc8 14. N2f3 Rxc1
15. Bxc1 Qb6 16. Bb2 1-0

[Event "2MCR_3DE_2LA_3S"]
[Site "?"]
[Date "2007.??.??"]
[Round "?"]
[White "Majstr, Marcel"]
[Black "Koci, Vladimir"]
[Result "0-1"]
[WhiteElo "1600"]
[BlackElo "2098"]
[Annotator "026"]
[PlyCount "32"]
[EventDate "2007.??.??"]
[EventType "corr"]
[EventRounds "2"]
[SourceDate "2007.01.28"]

1. e4 c5 2. Nf3 d6 3. d4 cxd4 4. Nxd4 Nf6 5. Nc3 e6 6. Be3 Be7 7. f4 O-O 8. Qf3
Nc6 9. O-O-O Qc7 10. Ndb5 Qb8 11. g4 a6 12. Nd4 Nxd4 13. Bxd4 e5 14. g5 Bg4 15.
Qg3 exd4 16. Rxd4 Re8 0-1

[Event "2MCR_3DE_2LA_3S"]
[Site "?"]
[Date "2007.??.??"]
[Round "?"]
[White "Tunega, Frantisek"]
[Black "Majstr, Marcel"]
[Result "1-0"]
[WhiteElo "1800"]
[BlackElo "1600"]
[Annotator "027"]
[PlyCount "51"]
[EventDate "2007.??.??"]
[EventType "corr"]
[EventRounds "2"]
[SourceDate "2007.01.28"]

1. e4 Nf6 2. e5 Nd5 3. d4 d6 4. Nf3 Bg4 5. Be2 e6 6. O-O Be7 7. c4 Nb6 8. Nc3
O-O 9. Be3 Nc6 10. exd6 cxd6 11. b3 d5 12. c5 Nd7 13. b4 a6 14. Rb1 Bf6 15. h3
Bh5 16. a4 Bg6 17. Rb2 Qe7 18. Re1 b6 19. b5 axb5 20. axb5 Na5 21. c6 Nc5 22.
Ra2 Ne4 23. Nxe4 Bxe4 24. Ne5 Ra7 25. Qd2 Rfa8 26. Rea1 1-0

[Event "2MCR_3DE_2LA_3S"]
[Site "?"]
[Date "2007.??.??"]
[Round "?"]
[White "Majstr, Marcel"]
[Black "Tunega, Frantisek"]
[Result "0-1"]
[WhiteElo "1600"]
[BlackElo "1800"]
[Annotator "028"]
[PlyCount "46"]
[EventDate "2007.??.??"]
[EventType "corr"]
[EventRounds "2"]
[SourceDate "2007.01.28"]

1. e4 c5 2. Nf3 Nc6 3. d4 cxd4 4. Nxd4 Nf6 5. Nc3 e5 6. Ndb5 d6 7. Bg5 a6 8.
Na3 b5 9. Bxf6 gxf6 10. Nd5 f5 11. Bd3 Be6 12. Qh5 Bg7 13. O-O f4 14. c4 bxc4
15. Bxc4 O-O 16. Rfc1 Kh8 17. Bd3 Ne7 18. Nc7 Rc8 19. Nxe6 fxe6 20. Rxc8 Qxc8
21. Qf3 Qb7 22. b3 Ng8 23. Rd1 d5 0-1

[Event "2MCR_3DE_2LA_3S"]
[Site "?"]
[Date "2007.??.??"]
[Round "?"]
[White "Kelbl, Jiri"]
[Black "Majstr, Marcel"]
[Result "1-0"]
[WhiteElo "1656"]
[BlackElo "1600"]
[Annotator "029"]
[PlyCount "21"]
[EventDate "2007.??.??"]
[EventType "corr"]
[EventRounds "2"]
[SourceDate "2007.01.28"]

1. e4 c5 2. Nf3 d6 3. Bb5+ Nc6 4. Bxc6+ bxc6 5. O-O e5 6. c3 Nf6 7. Re1 Qc7 8.
d4 cxd4 9. cxd4 Be7 10. dxe5 dxe5 11. Nc3 1-0

[Event "2MCR_3DE_2LA_3S"]
[Site "?"]
[Date "2007.??.??"]
[Round "?"]
[White "Majstr, Marcel"]
[Black "Kelbl, Jiri"]
[Result "0-1"]
[WhiteElo "1600"]
[BlackElo "1656"]
[Annotator "030"]
[PlyCount "20"]
[EventDate "2007.??.??"]
[EventType "corr"]
[EventRounds "2"]
[SourceDate "2007.01.28"]

1. d4 Nf6 2. c4 g6 3. Nc3 d5 4. cxd5 Nxd5 5. e4 Nxc3 6. bxc3 Bg7 7. Nf3 c5 8.
Rb1 O-O 9. Qd2 b6 10. Be2 cxd4 0-1

[Event "2MCR_3DE_2LA_3S"]
[Site "?"]
[Date "2007.??.??"]
[Round "?"]
[White "Zednik, Martin"]
[Black "Kelbl, Jiri"]
[Result "1-0"]
[WhiteElo "2076"]
[BlackElo "1656"]
[Annotator "031"]
[PlyCount "75"]
[EventDate "2007.??.??"]
[EventType "corr"]
[EventRounds "2"]
[SourceDate "2007.01.28"]

1. e4 e5 2. Nf3 Nc6 3. Bb5 a6 4. Ba4 Nf6 5. O-O Be7 6. Re1 b5 7. Bb3 d6 8. c3
O-O 9. h3 Bb7 10. d4 Re8 11. Nbd2 Bf8 12. a4 h6 13. Bc2 exd4 14. cxd4 Nb4 15.
Bb1 c5 16. b3 cxd4 17. Nxd4 Qb6 18. Bb2 bxa4 19. bxa4 d5 20. e5 Ne4 21. Nxe4
dxe4 22. Bxe4 Rxe5 23. a5 Qc7 24. Rc1 Qd7 25. Bh7+ Kxh7 26. Rxe5 Rd8 27. Re3
Qd5 28. Qf3 Qd7 29. Qf5+ Qxf5 30. Nxf5 Nc6 31. Ba3 Bxa3 32. Rxa3 g6 33. Rb1 Rd7
34. Nd6 Rxd6 35. Rxb7 Nd8 36. Rb6 Re6 37. Rxe6 fxe6 38. Rc3 1-0